5HLuxD.jpg

KING HENRY VIII SENIOR AND PRIMARY SCHOOL LIBRARY OPAC

The Shakespeare book / (Record no. 254)

000 -LEADER
fixed length control field 02199cam a2200397 i 4500
001 - CONTROL NUMBER
control field 18536223
003 - CONTROL NUMBER IDENTIFIER
control field OSt
005 - DATE AND TIME OF LATEST TRANSACTION
control field 20190802145035.0
008 - FIXED-LENGTH DATA ELEMENTS--GENERAL INFORMATION
fixed length control field 141111s2015 enka 001 0 eng
010 ## - LIBRARY OF CONGRESS CONTROL NUMBER
LC control number 2014472645
020 ## - INTERNATIONAL STANDARD BOOK NUMBER
International Standard Book Number 9780241182611
Qualifying information hbk
020 ## - INTERNATIONAL STANDARD BOOK NUMBER
International Standard Book Number 0241182611
040 ## - CATALOGING SOURCE
Original cataloging agency DLC
Language of cataloging eng
Description conventions rda
Transcribing agency DLC
042 ## - AUTHENTICATION CODE
Authentication code pcc
082 ## - DEWEY DECIMAL CLASSIFICATION NUMBER
Classification number 822.33 SHA
245 14 - TITLE STATEMENT
Title The Shakespeare book /
Statement of responsibility, etc. contributors, Stanley Wells [and five others].
264 #1 - PRODUCTION, PUBLICATION, DISTRIBUTION, MANUFACTURE, AND COPYRIGHT NOTICE
Place of production, publication, distribution, manufacture London :
Name of producer, publisher, distributor, manufacturer Dorling Kindersley,
Date of production, publication, distribution, manufacture, or copyright notice 2015.
300 ## - PHYSICAL DESCRIPTION
Extent 352 pages :
Other physical details illustrations ;
Dimensions 24 cm.
336 ## - CONTENT TYPE
Content type term text
Content type code txt
Source rdacontent
337 ## - MEDIA TYPE
Media type term unmediated
Media type code n
Source rdamedia
338 ## - CARRIER TYPE
Carrier type term volume
Carrier type code nc
Source rdacarrier
490 ## - SERIES STATEMENT
Series statement Big ideas simply explained
500 ## - GENERAL NOTE
General note Includes index.
520 ## - SUMMARY, ETC.
Summary, etc. The Shakespeare Book is the perfect primer to the works of William Shakespeare, packed with witty illustrations and inspirational quotes. Covering every work, from the comedies of Twelfth Night and As You Like It to the tragedies of Julius Caesar and Hamlet, plus lost plays and less well-known works of poetry. Easy-to-understand graphics and illustrations bring the themes, plots, characters and language of Shakespeare to life. This includes illustrated timelines which offer an at-a-glance summary of the action for each play. With detailed plot summaries and an in-depth analysis of the major characters and themes, this is a brilliant, innovative exploration of the entire canon of Shakespeare plays, sonnets and poetry. Whether you're a Shakespeare scholar or a student of the great Bard, The Shakespeare Book offers a fuller appreciation of his phenomenal talent and lasting legacy.
600 10 - SUBJECT ADDED ENTRY--PERSONAL NAME
Personal name Shakespeare, William,
Dates associated with a name 1564-1616
General subdivision Criticism and interpretation.
600 10 - SUBJECT ADDED ENTRY--PERSONAL NAME
Personal name Shakespeare, William,
Dates associated with a name 1564-1616
General subdivision Characters.
700 ## - ADDED ENTRY--PERSONAL NAME
Personal name Wells, Stanley
Relator term Consultant editor
700 ## - ADDED ENTRY--PERSONAL NAME
Personal name Chouhan, Anjna
Relator term Contributor
700 ## - ADDED ENTRY--PERSONAL NAME
Personal name Day, Gillian
Relator term Contributor
700 ## - ADDED ENTRY--PERSONAL NAME
Personal name Fardon, John
Relator term Contributor
700 ## - ADDED ENTRY--PERSONAL NAME
Personal name Kingsley-smith, Jane
Relator term Contributor
700 ## - ADDED ENTRY--PERSONAL NAME
Personal name Walton, Nick
Relator term Contributor
906 ## - LOCAL DATA ELEMENT F, LDF (RLIN)
a 7
b cbc
c origres
d 3
e ncip
f 20
g y-gencatlg
942 ## - ADDED ENTRY ELEMENTS (KOHA)
Source of classification or shelving scheme
Koha item type Books - Non Ficton
Holdings
Withdrawn status Lost status Source of classification or shelving scheme Damaged status Not for loan Collection code Permanent Location Current Location Shelving location Date acquired Total Checkouts Total Renewals Full call number Barcode Date last seen Date last checked out Price effective from Koha item type
          Non-Fiction KH8 Senior School Library KH8 Senior School Library Non Fiction 2019-08-02 1 1 822.33 SHA 3KHSL000100281 2020-02-21 2020-02-07 2019-08-02 Books - Non Ficton

Powered By KH8 IT Dept